Space lizards stole my brain (Record no. 285)

MARC details
000 -LEADER
fixed length control field 01605nam a22002777a 4500
001 - CONTROL NUMBER
control field 285
003 - CONTROL NUMBER IDENTIFIER
control field FISKH
005 - DATE AND TIME OF LATEST TRANSACTION
control field 20230316114620.0
008 - FIXED-LENGTH DATA ELEMENTS--GENERAL INFORMATION
fixed length control field 230316b cb ||||| |||| 00| 0 eng d
020 ## - INTERNATIONAL STANDARD BOOK NUMBER
International Standard Book Number 9780857071316
040 ## - CATALOGING SOURCE
Original cataloging agency FISKH
Language of cataloging eng
Transcribing agency FISKH
Modifying agency FISKH
050 ## - LIBRARY OF CONGRESS CALL NUMBER
Classification number PZ7
082 ## - DEWEY DECIMAL CLASSIFICATION NUMBER
Classification number 823.92
100 ## - MAIN ENTRY--PERSONAL NAME
Personal name Griffiths, Mark
245 ## - TITLE STATEMENT
Title Space lizards stole my brain
260 ## - PUBLICATION, DISTRIBUTION, ETC.
Place of publication, distribution, etc. London
Name of publisher, distributor, etc. Simon and Shuster
Date of publication, distribution, etc. 2011
300 ## - PHYSICAL DESCRIPTION
Extent 251 p.
Dimensions 20 cm.
505 ## - FORMATTED CONTENTS NOTE
Formatted contents note M
520 ## - SUMMARY, ETC.
Summary, etc. When Admiral Skink, an alien-lizard warlord from the planet Swerdlix, is attacked by The Hideous and Unimaginably Vast Comet Creature of Poppledock he faces a certain death... but luckily his underlings have installed the BrainTwizzler 360 Mind Migration SystemTM. This nifty invention safely transfers Skink's mind on to a memory wafer and jettisons it through space to find a suitable temporary "home" until he can be rescued by his fellow Swerdlixians. Unluckily for eleven-year-old Lance Spratley it just so happens that the temporary home for Admiral Skink's mind is his body! And while Skink deals with being trapped in Lance's useless body - it can't even breathe fire! - Lance is transferred to a virtual waiting room surrounded by the lizard race who seem intent on destroying Earth when they have successfully retrieved Skink.Will Lance ever get his body back? And even if he does will he be able to thwart Admiral Skink and the Swerdlixians plans to invade Earth...
521 8# - TARGET AUDIENCE NOTE
Target audience note 700 <br/>
Source Lexile
521 8# - TARGET AUDIENCE NOTE
Target audience note M <br/>
Source Raz-Plus
650 ## - SUBJECT ADDED ENTRY--TOPICAL TERM
Topical term or geographic name entry element space
650 ## - SUBJECT ADDED ENTRY--TOPICAL TERM
Topical term or geographic name entry element alens
650 ## - SUBJECT ADDED ENTRY--TOPICAL TERM
Topical term or geographic name entry element lizards
942 ## - ADDED ENTRY ELEMENTS (KOHA)
Source of classification or shelving scheme Dewey Decimal Classification
Koha item type Books
Suppress in OPAC No
Holdings
Withdrawn status Lost status Source of classification or shelving scheme Damaged status Not for loan Collection Home library Current library Shelving location Date acquired Total Checkouts Full call number Barcode Date last seen Price effective from Koha item type
    Dewey Decimal Classification     Juvenile Fiction Footprints International School Library Network Toul Kork Campus Footprints International School Library Network Toul Kork Campus   03/16/2023   GRI 823.92 PZ7 2023-0023 03/16/2023 03/16/2023 Books